00927nam a22002177a 450000500170000001000150001702000260003203500130005803700130007108200100008424500990009426000360019327000710022930000300030050000420033052001430037270000180051594200240053399900170055795201350057420150612105314.0 aENG-112962 c780.00a9789383649044 aEN-96494 bDBAD/PUB a327.5 aBeyond Strategies:cedited by Priya Singh...[et al]bcultural dynamics in Asian connections /  aNew DelhibK W Publishersc2014 b New Delhie110002a4676/21, First Floor, Ansari Road, Daryaganj,  ax,169p. :c24cm(Hb)bill. a Includes bibliographical references. a Papers presented at the International Seminar on Beyond Strategies: Cultural Dynamics in Asian Connection, held at Kolkata in March 2013. aSingh, Priya. 2ddccENmBEYh327.5 c93499d93499 001040718NFICaDBADbDBADd2015-06-12eDBAD/PUBg780.00l0o327.5 BEYpEN-96494r2015-06-12 00:00:00t1v780.00w2015-06-12yEN